000 00442cam a2200169ua 4500
020 _c1.50
041 _aeng
_h
082 _a636
_bHAR/HA
100 _aHarbans, Singh .
245 _aHand book of animal husbandary for extension workers /
_cHarbans Singh.
_hTextual Documents
260 _a :
_bMinistry of I&B, Govt. of India ,
_c1963.
300 _a160 ; .
365 _a1.50
504 _a
942 _cBK
999 _c1864
_d1864